Super Smash Bros. Ultimate Final Smashes - Statistics

General Stats
  • This quiz has been taken 14 times
  • The average score is 42 of 92
Answer Stats
Character Final Smash % Correct
Mario Mario Finale
86%
Jigglypuff Puff Up
86%
Wario Wario-Man
86%
Link Ancient Bow and Arrow
71%
Captain Falcon Blue Falcon
71%
Marth Critical Hit
71%
Lucina Critical Hit
71%
Roy Critical Hit
71%
Ice Climbers Iceberg
71%
Mr. Game & Watch Octopus
71%
Piranha Plant Petey Piranha
71%
Ness PK Starstorm
71%
Lucas PK Starstorm
71%
Sonic Super Sonic
71%
Fox Team Star Fox
71%
Falco Team Star Fox
71%
Wolf Team Star Wolf
71%
Young Link Triforce Slash
71%
Toon Link Triforce Slash
71%
Pokémon Trainer (Charizard) Triple Finish (Fire Blast)
71%
Pokémon Trainer (Squirtle) Triple Finish (Hydro Pump)
71%
Pokémon Trainer (Ivysaur) Triple Finish (Solar Beam)
71%
Pikachu Volt Tackle
71%
Pichu Volt Tackle
71%
Palutena Black Hole Laser
57%
King K. Rool Blast-o-Matic
57%
Pyra Burning Sword
57%
Olimar End of Day
57%
Bowser Giga Bowser Punch
57%
Ike Great Aether
57%
Cloud Omnislash
57%
Dark Samus Phazon Laser
57%
Mythra Sacred Arrow
57%
Yoshi Stampede!
57%
Banjo & Kazooie The Mighty Jinjonator
57%
Samus Zero Laser
57%
Zero Suit Samus Zero Laser
57%
Joker All-Out Attack
43%
Chrom Awakening Aether
43%
Shulk Chain Attack
43%
Daisy Daisy Blossom
43%
King Dedede Dede-Rush
43%
Dr. Mario Doctor Finale
43%
Ganondorf Ganon, The Demon King
43%
Simon Grand Cross
43%
Richter Grand Cross
43%
Donkey Kong Jungle Rush
43%
Inkling Killer Wail
43%
Pit Lightning Chariot
43%
Robin Pair Up
43%
Peach Peach Blossom
43%
Luigi Poltergust G-00
43%
Mewtwo Psystrike
43%
Sora Sealing the Keyhole
43%
Bowser Jr. Shadow Mario Paint
43%
Sheik Sheikah Dance
43%
Ryu Shin Shoryuken
43%
Corrin Torrential Roar
43%
Zelda Triforce of Wisdom
43%
Terry Triple Wolf
43%
Kirby Ultra Sword
43%
Min Min ARMS Rush
29%
Lucario Aura Storm
29%
Dark Pit Dark Pit Staff
29%
Villager Dream Home
29%
Isabelle Dream Town Hall
29%
Little Mac Giga Mac Rush
29%
Hero Gigaslash
29%
Rosalina & Luma Grand Star
29%
R.O.B. Guided Robo Beam
29%
Steve House of Boom
29%
Bayonetta Infernal Climax
29%
Incineroar Max Malicious Moonsault
29%
Cloud Omnislash Ver. 5
29%
Ridley Plasma Scream
29%
Greninja Secret Ninja Attack
29%
Sephiroth Supernova
29%
Pac-Man Super Pac-Man
29%
Snake Covering Fire
14%
Meta Knight Darkness Illusion
14%
Kazuya Final Blaster
14%
Mii Swordfighter Final Edge
14%
Mii Gunner Full Blast
14%
Diddy Kong Hyper Rocketbarrel
14%
Mega Man Mega Legends
14%
Duck Hunt Duo NES Zapper Posse
14%
Mii Brawler Omega Blitz
14%
Wii Fit Trainer Wii Fit
14%
Byleth Progenitor God Ruptured Heaven
0%
Ryu Shinku Hadoken
0%
Ken Shinryuken
0%
Ken Shippu Jinraikyaku
0%
No matching quizzes found
Score Distribution
Percent of People with Each Score
Percentile by Number Answered
Your Score History
You have not taken this quiz